The Canadian Quiz Stats

 Plays Quiz not verified by Sporcle

Challenge
Share
Tweet
Embed
Score 0/9 Timer 02:00
0 Plays Today
Clue Noun % Correct
CurrencyCanadian Dollar
85.5%
HamCanadian Bacon
84.1%
Symbol found on the currency and flagCanadian Maple Leaf
84.1%
Mountain systemCanadian Rockies
81.2%
10 of the 13 administrative regions of CanadaCanadian Provinces
76.8%
Large wild bird with black head and neckCanadian Goose
69.6%
Former airliner, the second in the country after Air CanadaCanadian Airlines
46.4%
Large cat found also in Alaska and Western United StatesCanadian Lynx
44.9%
Large retail companyCanadian Tire
43.5%

You're not logged in!

Compare scores with friends on all Sporcle quizzes.
OR
Log In

You Might Also Like...

Show Comments

Extras

Created Apr 2, 2016ReportNominate
Tags:canadian, follow, noun

Top Quizzes Today


Score Distribution

Your Account Isn't Verified!

In order to create a playlist on Sporcle, you need to verify the email address you used during registration. Go to your Sporcle Settings to finish the process.

Report this User

Report this user for behavior that violates our Community Guidelines.

Details: